| 000 | 00831cam a2200253 a 4500 | ||
|---|---|---|---|
| 001 | 3488484 | ||
| 005 | 20250124144419.0 | ||
| 008 | 940906s1995 pau 000 0 eng c | ||
| 020 | _a9780721656694 | ||
| 050 | 0 | 0 |
_aRA972.55 _b.L323 1995 |
| 082 | 0 | 0 |
_a651.5/04261 _220 |
| 100 | 2 | _aLaFleur-Brooks, Myrna. | |
| 245 | 1 | 0 |
_aCertification review for health unit coordinators / _cMyrna Weber Lafleur-Brooks, Elaine Tight Gillingham. |
| 250 | _a2nd ed. | ||
| 260 |
_aPhiladelphia : _bSaunders, _cc1995. |
||
| 300 |
_axii, 162 p. ; _c28 cm. |
||
| 650 | 0 | _aHospital ward clerks. | |
| 650 | 0 | _aMedical records. | |
| 650 | 0 |
_aMedicine _xTerminology. |
|
| 650 | 1 | 2 |
_aPersonnel questions _xexamination questions. |
| 650 | 2 | 2 |
_aMedical records _xexamination questions. |
| 700 | 1 | _aGillingham, Elaine Tight. | |
| 942 |
_2lcc _cBK _e2nd ed. _n0 |
||
| 999 |
_c3038 _d3038 |
||